Statistiques concernant L'intrus - Série 01

Cliquez ici pour prendre le quiz!

Statistiques générales

  • Ce quiz a été pris 137 fois
  • Le résultat moyen est 10 sur 10

Statistiques - réponses

PropositionsIntrus% Correct
pomme, ananas, poisson, citronpoisson
100%
table, porte, mur, chienchien
99%
eau, lait, jus, fruitfruit
99%
fer, acier, igloo, briqueigloo
99%
beau, belle, gentil, lit, agréablelit
98%
photo, image, poster, cartoncarton
97%
stylo, étiquette, pinceau, crayonétiquette
97%
chat, girafe, baleine, histoire, éléphanthistoire
97%
dormir, manger, rêver, particulierparticulier
97%
plume, dune, poil, duvetdune
95%

Distribution des résultats

Percentile par nombre de réponses

% des personnes avec chaque résultat

Votre développement - résultats

Vous n’avez pas pris ce quiz